| 000 | 00530nam a2200181 i 4500 | ||
|---|---|---|---|
| 001 | 84252 | ||
| 003 | ES-MaACL | ||
| 005 | 20230906174959.0 | ||
| 007 | t| | ||
| 008 | 041122s1910 sp ||||1| spa d | ||
| 080 | _a270"18" | ||
| 100 | 1 |
_aIreland, John. _965431 |
|
| 245 | 1 | 3 |
_aLa Iglesia y el siglo / _cconferencias y discursos de Mgr. Ireland ; con un prefacio del abate Felix Klein. |
| 260 |
_aMadrid : _bAntonio Marzo, _c1910. |
||
| 300 |
_a230 p. ; _c19 cm. |
||
| 700 | 1 |
_aKlein, Felix. _968209 |
|
| 852 |
_aES-MaACL _jD-844 |
||
| 999 |
_c84252 _d84252 |
||